Volar sobre el pantano (Registro nro. 3382)
[ vista simple ]
| 000 -Cabecera | |
|---|---|
| Campo de control de longitud fija | 00619aam a2200229 4500 |
| 005 - Fecha y hora de la última transacción | |
| Campo de control | 20231010162054.0 |
| 008 - Elementos de longitud fija--Información general | |
| Campo de control de longitud fija | 150226b xxu||||| |||| 00| 0 eng d |
| 041 ## - Idioma | |
| Código de idioma | |
| 082 ## - Clasificación Decimal Dewey | |
| Número de clasificación | 155.23 C961v |
| 100 ## - Entrada principal--Autor personal | |
| Nombre personal | Cuauhtemoc Sánchez, Carlos |
| 9 (RLIN) | 8356 |
| 245 ## - Título propiamente dicho | |
| Título | Volar sobre el pantano |
| 260 ## - Pie de imprenta | |
| Lugar de publicación, distribución, etc. | México |
| Nombre del editor, distribuidor, etc. | Ediciones Selectas Diamante |
| Fecha de publicación, distribución, etc. | 2004 |
| 300 ## - Descripción física | |
| Extensión | 192 páginas |
| 650 ## - Materia general | |
| Temática (materia general) | SUPERACIÓN PERSONAL |
| 650 ## - Materia general | |
| Temática (materia general) | LEY DE ADVERTENCIA |
| 650 ## - Materia general | |
| Temática (materia general) | SOLEDAD |
| 650 ## - Materia general | |
| Temática (materia general) | LIBERTAD |
| 650 ## - Materia general | |
| Temática (materia general) | VENGANZA |
| 650 ## - Materia general | |
| Temática (materia general) | ALMA |
| 650 ## - Materia general | |
| Temática (materia general) | PODER SUPERIOR |
| 942 ## - Punto de acceso adicional KOHA | |
| Tipo de ítem KOHA | Literatura |
| Fuente del sistema de clasificación o colocación | Dewey Decimal Classification |
| Signatura completa | Código de barras | Tipo de ítem |
|---|---|---|
| 155.23 C961v | 12412 | Literatura |